<?xml version="1.0" encoding="UTF-8"?><?xml-stylesheet type="text/xsl" href="static/style.xsl"?><OAI-PMH xmlns="http://www.openarchives.org/OAI/2.0/" xmlns:xsi="http://www.w3.org/2001/XMLSchema-instance" xsi:schemaLocation="http://www.openarchives.org/OAI/2.0/ http://www.openarchives.org/OAI/2.0/OAI-PMH.xsd"><responseDate>2026-06-07T16:54:05Z</responseDate><request verb="GetRecord" identifier="oai:docta.ucm.es:20.500.14352/122260" metadataPrefix="marc">https://docta.ucm.es/rest/oai/request</request><GetRecord><record><header><identifier>oai:docta.ucm.es:20.500.14352/122260</identifier><datestamp>2025-07-07T23:58:26Z</datestamp><setSpec>com_20.500.14352_14</setSpec><setSpec>col_20.500.14352_15</setSpec></header><metadata><record xmlns="http://www.loc.gov/MARC21/slim" xmlns:dcterms="http://purl.org/dc/terms/" xmlns:xsi="http://www.w3.org/2001/XMLSchema-instance" xmlns:doc="http://www.lyncode.com/xoai" xsi:schemaLocation="http://www.loc.gov/MARC21/slim http://www.loc.gov/standards/marcxml/schema/MARC21slim.xsd">
   <leader>00925njm 22002777a 4500</leader>
   <datafield ind2=" " ind1=" " tag="042">
      <subfield code="a">dc</subfield>
   </datafield>
   <datafield ind2=" " ind1=" " tag="720">
      <subfield code="a">Blanco Carrasco, Marta</subfield>
      <subfield code="e">author</subfield>
   </datafield>
   <datafield ind2=" " ind1=" " tag="260">
      <subfield code="c">2021-01-01</subfield>
   </datafield>
   <datafield ind2=" " ind1=" " tag="520">
      <subfield code="a">En este artículo se analiza, en primer lugar, los principales cambios producidos en los últimos años en la respuesta judicial ante los conflictos que enfrentan a los progenitores en el ejercicio de sus funciones parentales, que presta ahora especial atención a la fase posterior a la sentencia y de forma específica a la difícil tarea de la supervisión de las medidas acordadas. En segundo lugar, centramos la atención en algunas de las herramientas con las que cuentan los juzgados para llevar a cabo esta labor, como la mediación y los puntos de encuentro familiar, y, sobre todo, en la reciente figura del coordinador de parentalidad. Este nuevo ADR se ha incorporado recientemente a nuestro ordenamiento jurídico de la mano de la jurisprudencia, no exenta de dificultades y controversia en torno a su figura</subfield>
   </datafield>
   <datafield ind1="8" ind2=" " tag="024">
      <subfield code="a">Blanco Carrasco, Marta (2021). El cambio de paradigma en la respuesta judicial a los conflictos parentales: el coordinador de parentalidad. Actualidad civil, 1, 1-15.</subfield>
   </datafield>
   <datafield ind1="8" ind2=" " tag="024">
      <subfield code="a">0213-7100</subfield>
   </datafield>
   <datafield ind1="8" ind2=" " tag="024">
      <subfield code="a">https://hdl.handle.net/20.500.14352/122260</subfield>
   </datafield>
   <datafield ind1="8" ind2=" " tag="024">
      <subfield code="a">https://www.aranzadilaley.es/tienda/actualidad-civil</subfield>
   </datafield>
   <datafield ind2="0" ind1="0" tag="245">
      <subfield code="a">El cambio de paradigma en la respuesta judicial a los conflictos parentales: el coordinador de parentalidad.</subfield>
   </datafield>
</record></metadata></record></GetRecord></OAI-PMH>